Mi lesz 1999-ben
Elmentve itt :
| Szerző: | |
|---|---|
| Adatforrás: | Meister |
| Forrásdokumentuma: | A Hét. - 1 ; 2 sz., 1999, 11 ; 11 p. |
| Nyelv: | magyar |
| Kulcsszavak: | jövőtudomány sajtó Capital The Economist |
| LEADER | 00390nab a2200157 i 4500 | ||
|---|---|---|---|
| 001 | bibPRO00007749 | ||
| 008 | 060524s1999 xx hun | ||
| 040 | |a Sz1 | ||
| 041 | |a hun | ||
| 100 | 1 | |a ÁGOSTON Hugó | |
| 245 | 1 | 0 | |a Mi lesz 1999-ben |c ÁGOSTON Hugó |
| 695 | |a jövőtudomány | ||
| 695 | |a sajtó | ||
| 695 | |a Capital | ||
| 695 | |a The Economist | ||
| 773 | 0 | |t A Hét. - |g 1 ; 2 sz., 1999, 11 ; 11 p. | |